| 000 | 00521nam a2200145 4500 | ||
|---|---|---|---|
| 999 |
_c9465 _d9465 |
||
| 003 | OSt | ||
| 005 | 20210623170930.0 | ||
| 008 | 210623b ||||| |||| 00| 0 eng d | ||
| 020 | _a9781782143673 | ||
| 082 |
_a751.4 _bSID |
||
| 100 | _a Sidaway, Ian | ||
| 245 | _aThe practical encyclopedia of acrylics, oils and gouache : mixing paint, brush strokes, blending, underpainting, working alla prima glazing, scumbling, painting with knives, impasto work, drybrush work | ||
| 260 |
_bAnness publishing ltd _c 2019 |
||
| 942 | _2ddc | ||